Klesá pracovná úrazovosť Hovoríme s tajomníčkou SOR Martou Košťálovou

Bibliographic Details
Main Authors: Košťálová, Marta (Author), (rs) (Author)
Format: Article
Language:Slovak
Subjects:

MARC

LEADER 00000nab a2200000 a 4500
001 vtls000169658
003 SK-MaSNL
005 20260304023135.0
008 220422c1983 xo 0 slo
015 |a SNBRB19rr/mm-uuuuu 
035 |a CL0179769 
040 |a SNKBUCL  |b slo  |c SNKBUCL  |e AACR2 
041 0 |a slo 
044 |a xo  |c SK 
080 |a 331.823  |2 1981 
080 |a 614.01  |2 1981 
100 1 |a Košťálová, Marta  |4 aut  |9 930432 
245 1 0 |a Klesá pracovná úrazovosť  |b Hovoríme s tajomníčkou SOR Martou Košťálovou  |c Marta Košťálová, (rs) 
650 0 7 |a bezpečnosť práce  |2 snkbucl  |9 1296 
650 0 7 |a pracovné úrazy  |2 snkbucl  |9 1713 
650 0 7 |a ochrana zdravia  |2 snkbucl  |9 1135 
655 7 |a články z novín a časopisov  |2 snkbucl  |9 267496 
700 1 |a (rs)  |4 aut  |9 860855 
773 0 |t Práca  |g Roč. 38, č. 300 (20. 12. 1983), s. 1-2 
850 |a Slovenská národná knižnica v Martine  |a MTA001 
852 |a SNK  |b KIS3GCP 
958 |a RK 
958 |a ME 
992 |a RBX 
999 |c 2614713  |d 2616643